|
|
|
|
| LEADER |
01152cam a2200313Ia 4500 |
| 001 |
9781134821297 |
| 003 |
FlBoTFG |
| 005 |
20100903141255.0 |
| 006 |
a|||||s||||||||||| |
| 007 |
cr|||| |
| 008 |
911129s1992 enk sb 001 0 eng d |
| 020 |
|
|
|a 9780203429075 (e-book : PDF)
|
| 040 |
|
|
|a FlBoTFG
|c FlBoTFG
|d GrThAP
|
| 043 |
|
|
|a ff-----
|a e------
|a aw-----
|
| 090 |
|
|
|a HQ1136
|b .B38 1992
|
| 092 |
|
|
|a 305.4209376
|b B347
|
| 100 |
1 |
|
|a Bauman, Richard A.
|
| 245 |
1 |
0 |
|a Women and politics in ancient Rome
|h [electronic resource] /
|c Richard A. Bauman.
|
| 260 |
|
|
|a London ;
|a New York :
|b Routledge,
|c 1992.
|
| 300 |
|
|
|a xvi, 294 p. ;
|c 23 cm.
|
| 504 |
|
|
|a Includes bibliographical references (p. 273-279) and indexes.
|
| 530 |
|
|
|a Also available in print edition.
|
| 533 |
|
|
|a Electronic reproduction.
|b [London, Eng. :
|b Taylor and Francis,
|d 2010].
|n PDF file created from digital scan of print book.
|
| 650 |
|
0 |
|a Women
|z Rome.
|
| 650 |
|
0 |
|a Women
|x Political activity
|z Rome.
|
| 655 |
|
7 |
|a Electronic books.
|2 lcsh
|
| 776 |
1 |
|
|z 0415057779
|
| 776 |
1 |
|
|z 9780415115223
|
| 856 |
4 |
0 |
|u http://www.tandfebooks.com/isbn/9780203429075
|z Full Text via HEAL-Link
|